01137nabaa22002057a 4500003000400000005001700004008004100021040000700062100002700069245016400096300001500260500003700275505028700312505008900599650002700688650004200715650002700757650003200784773011500816OSt20260123201627.0190701b xxu||||| |||| 00| 0 spa d cPJ aPerrino, Pablo Esteban10aBreves reflexiones sobre el principio de legalidad de la administración, las potestades administrativas y las restricciones de derechos /cPablo E. Perrino.  ap. 174-185 aCita: TR LALEY AR/DOC/3193/2023  aSumario: I. Principio de legalidad y Estado de derecho.— II. Fundamento constitucional.— III. Relación entre la legalidad y la administración.— IV. Principio de legalidad y potestades administrativas implícitas.— V. Principio de legalidad y restricciones de derechos.  t¿Te interesa el texto completo? Comunicate al correo: koha@justierradelfuego.gov.ar 0aDERECHO ADMINISTRATIVO 0aDERECHOS Y GARANTIAS CONSTITUCIONALES 0aCONTROL DE LEGITIMIDAD 0aGRATUIDAD DEL PROCEDIMIENTO0 02842dBuenos Aires : AbeledoPerrot, 2012-oDA121tDerecho administrativo. Nº 151 enero/febrero 2024z18510590